00358pam a2200145a 44500008004100000020000900041041000800050082001000058100002600068245004800094250000600142260004700148300000800195650000900203230515b1993 xxu||||| |||| 00| 0 eng d aNULL aENG a618.2 aPolden M and Mantle J aPhysiotherapy in obstetrics and Gynaecology a0 aNULLb"Jaypee brothers, New Delhi, "c1993 a441 aN.D.